000 00502 a2200193 4500
003 Nust
005 20230401120620.0
020 _a981412642X
040 _cNust
082 _a530,HAL
100 _aHalliday, David
_95033
245 _aMichael Tammaro studet study guide Physics :
_bVolumes 1 & 2 /
_cDavid Halliday, Robert Resnick and Kenneth Krane
250 _a5th ed.
260 _aNew York
_bWiley
_c2002
300 _a285 p.
440 _vVol. 1 & 2
650 _aPhysics
942 _2ddc
_cBK
999 _c180407
_d180407